Hlavní příčiny předčasného vyřazování velkých ocelářských kokil.

Uložené v:
Podrobná bibliografia
Hlavný autor: Mařan, František (Author)
Médium: Kniha
Jazyk:Czech
Vydané: Plzeň : Závody V. I. Lenina, 1965.
Fyzický popis: Nepravidelné stránkovanie.
Tagy: Pridať tag
Žiadne tagy, Buďte prvý kto otaguje tento záznam!

MARC

LEADER 00000nam a22000002i 4500
001 000674635
005 20211217083927.0
008 211217s1965 xr e 000 0 cze d
020 |c Kčs 40,00  |q (brožované) 
040 |a SVKKK  |b slo  |c SVKKK  |e rda 
100 1 |a Mařan, František  |4 aut 
245 1 0 |a Hlavní příčiny předčasného vyřazování velkých ocelářských kokil. 
264 1 |a Plzeň :  |b Závody V. I. Lenina,  |c 1965. 
300 |a Nepravidelné stránkovanie. 
336 |a text  |b txt  |2 rdacontent 
337 |a bez média  |b n  |2 rdamedia 
338 |a zväzok  |b nc  |2 rdacarrier 
500 |a Záznam revízie 
910 |a svkkk 
998 |a BK 
090 |g SCKHL  |k Sklad Pribinova 3. posch.  |a V0.4080  |j 023600  |i 2720822126  |s Vyradená